| 000 | 00351nam a2200145Ia 4500 | ||
|---|---|---|---|
| 008 | 221030s9999 xx 000 0 und d | ||
| 041 | _aEnglish | ||
| 082 |
_a105.23 _bEFY |
||
| 100 | _aAn Efy Enterprises | ||
| 245 | 0 | _aElectronic Projects Vol. 13 | |
| 260 |
_bEFY Enterprises Pvt. Ltd. _aIndia _c1999 |
||
| 300 | _a166 | ||
| 650 | _aECE | ||
| 942 | _cBK | ||
| 999 |
_c7181 _d7181 |
||